Guess the Kpop girl group idol - Statistics

General Stats
  • This quiz has been taken 464 times
  • The average score is 40 of 53
Answer Stats
Picture Answer % Correct
Giselle
94%
Winter
94%
Ningning
93%
Chaewon
92%
Karina
92%
Sakura
92%
Yuna
91%
Momo
90%
Yunjin
90%
Danielle
89%
Eunchae
89%
Kazuha
89%
Manon
89%
Nayeon
89%
Sana
89%
Sophia
89%
Lara
88%
Yeji
88%
Minji
87%
Megan
86%
Mina
86%
Yoonchae
86%
Dahyun
85%
Jihyo
85%
Lia
85%
Tzuyu
85%
Chaeyoung
84%
Hanni
84%
Wonhee
82%
Haerin
81%
Jeongyeon
81%
Ryujin
81%
Iroha
80%
Daniela
79%
Hyein
79%
Chaeryeong
77%
Moka
77%
Minju
75%
Yunah
73%
Garam
71%
Irene
67%
Seulgi
65%
Joy
63%
Wendy
63%
Yeri
60%
Youngseo
46%
Cocona
36%
Harvey
33%
Hinata
30%
Jurin
29%
Maya
28%
Juria
27%
Chisa
26%
No matching quizzes found
Score Distribution
Percent of People with Each Score
Percentile by Number Answered
Your Score History
You have not taken this quiz